000 01068namaa2200217 i 4500
001 174212
003 ES-MaACL
005 20250907063130.0
008 100303s1912 sp | |||| ||spa d
080 _a502:069(464.1 M.)
100 1 _aCabrera, Ángel,
_d1879-1960
_933276
245 1 0 _aCatálogo metódico de las colecciones de mamíferos del Museo de Ciencias Naturales de Madrid /
_cpor Ángel Cabrera.
260 _aMadrid :
_bJunta para Ampliación de Estudios é Investigaciones Científicas, Instituto Nacional de Ciencias Físico-Naturales,
_c1912.
300 _a147 p., IV h. de lám. ;
_c23 cm.
490 1 _aTrabajos del Museo de Ciencias Naturales. Serie zoológica ;
_v7
610 2 _aMuseo Nacional de Ciencias Naturales (España)-
_vCatálogos.
_9169662
710 2 _aJunta para la Ampliación de Estudios e Investigaciones Científicas.
_95413
830 0 0 _aTrabajos del Museo Nacional de Ciencias Naturales.
_pSerie zoológica
_v7
_9189348
852 _aES-MaACL
_jB-13146(7)
_z.- Encuadernado con otras obras
999 _c174212
_d174212